00999 a2200457 4500000002100000001000700021005001700028008004100045010000500086020000500091082001600096100002000112110000500132245006600137250000500203260002900208300001000237490000700247500000500254600000500259610000500264611000500269630000500274650000500279651000500284654000500289690003700294700002600331710000900357711000500366720000500371730000500376740000500381752000500386856000900391904000500400964001700405965000500422999001500427952009900442BKB 06968120200902150332.0  a a a658.5bE15O1 aEvans, James R. a1 aOperations managementcby James R. Evans and David A. Collier a aAustraliabThomsonc2007 a830p. av a a a a a a a a aManagement; Personnel management aCollier, David A.bc abc a a a a a adf a abcdefg a c3221d3221 00104070aCURAJbCURAJd2012-03-07g3121.00l0o658.5 E15Op3968r2024-11-21w2020-09-02yBK